| 000 | 00434 a2200169 4500 | ||
|---|---|---|---|
| 003 | Nust | ||
| 005 | 20170207171611.0 | ||
| 040 | _cNust | ||
| 082 | _a621.3824 | ||
| 100 | _aL. Volakis, John | ||
| 245 |
_aAntenna Engineering Hand Book (E-BOOK) _cDr Johna L. Volakis |
||
| 250 | _b4th ed | ||
| 260 |
_aMcGraw Hill _c2007 |
||
| 300 | _a1755 p | ||
| 650 | _aAntenna Engineering Hand Book | ||
| 651 | _aAntenna Engineering Hand Book | ||
| 942 |
_2ddc _cBK |
||
| 999 |
_c217716 _d217716 |
||